000 00306nam a22001337a 4500
008 181023b xxu||||| |||| 00| 0 eng d
020 _a9780618347551
041 _aeng
080 _28th
_a510
100 _a36
101 _aMAT
245 _aTopics in Contemporary Mathematics
_cBello,I
942 _2udc
_cBK
999 _c50656
_d50656